00489nam a2200181 a 4500001001300000003000900013005001700022008004100039020001000080082001800090100001600108245004400124260005000168300000900218500003500227650002900262700001600291nice12345678IN_TiNIC20260116011846.0070409s1953 cala grp 000 0 eng  ac15000a954.0254bELL aElliot, H M aHistory of IndiabThe Mohammaden Period aCalcuttabSusil Gupta India Private Ltdc1953 a155p aincludes index and biblioraphy aIndia-History Akbar Nama1 aElliot, H M